000 00484nam a2200157 a 4500
001 000026089
005 20200930024307.0
008 110301s1993 dr r 000 0 spa d
040 _aDO-SdBNP
_bspa
_cBNPHU
082 _axxxx
_bG216i
100 1 _aGarcía de Peña, L. V.
_910442
245 1 0 _aIntroducción a la magistratura /
_cL. V. García de Peña.
260 _aSanto Domingo :
_bUniversidad Iberoamericana,
_c1993.
300 _a72 P. ;
_c27 cm.
590 _aInventariado, 2019/BT
999 _c25581
_d25581